<?xml version="1.0" encoding="UTF-8"?>
<collection xmlns="http://www.loc.gov/MARC21/slim">
 <record>
  <leader>00848nam a22002175a 4500</leader>
  <controlfield tag="001">EUN.eunm007071</controlfield>
  <controlfield tag="005">20170925122258.0</controlfield>
  <controlfield tag="008">170922s2017####ag#######b####000#0#spa#d</controlfield>
  <datafield tag="020" ind1=" " ind2=" ">
   <subfield code="a">9789874242624</subfield>
  </datafield>
  <datafield tag="082" ind1="0" ind2="4">
   <subfield code="a">982.1</subfield>
   <subfield code="b">15</subfield>
  </datafield>
  <datafield tag="100" ind1="1" ind2=" ">
   <subfield code="a">Ciarniello, Nicolás.</subfield>
  </datafield>
  <datafield tag="245" ind1="1" ind2="0">
   <subfield code="a">Patagonia bonaerense :</subfield>
   <subfield code="b">sudoeste de la provincia de Buenos Aires : partidos de Villarino y Patagones /</subfield>
   <subfield code="c">Nicolás Ciarniello.</subfield>
  </datafield>
  <datafield tag="260" ind1=" " ind2=" ">
   <subfield code="a">[Bahía Blanca] :</subfield>
   <subfield code="b">Nicolás Ciarniello,</subfield>
   <subfield code="c">c2017.</subfield>
  </datafield>
  <datafield tag="300" ind1=" " ind2=" ">
   <subfield code="a">154 p. :</subfield>
   <subfield code="b">1 mapa ;</subfield>
   <subfield code="c">30 cm.</subfield>
  </datafield>
  <datafield tag="504" ind1=" " ind2=" ">
   <subfield code="a">Incluye referencias bibliográficas.</subfield>
  </datafield>
  <datafield tag="650" ind1=" " ind2="7">
   <subfield code="a">Historia.</subfield>
   <subfield code="2">unbist</subfield>
  </datafield>
  <datafield tag="651" ind1=" " ind2="0">
   <subfield code="a">Villarino (Argentina : Partido)</subfield>
  </datafield>
  <datafield tag="651" ind1=" " ind2="0">
   <subfield code="a">Patagones (Argentina : Partido)</subfield>
  </datafield>
  <datafield tag="651" ind1=" " ind2="7">
   <subfield code="a">Sudoeste bonaerense.</subfield>
   <subfield code="2">Catalis Autoridades</subfield>
  </datafield>
  <datafield tag="653" ind1=" " ind2=" ">
   <subfield code="a">Buenos Aires (Argentina : Provincia)</subfield>
  </datafield>
  <datafield tag="859" ind1=" " ind2=" ">
   <subfield code="a">AR-BaUNS</subfield>
   <subfield code="b">BIB. CENTRAL - Sector A</subfield>
   <subfield code="h">982.1</subfield>
   <subfield code="i">C481-3</subfield>
   <subfield code="p">126270/017</subfield>
  </datafield>
 </record>
</collection>
